[Event "Floripa Chess Open 2024"]
[Site "Florianopolis"]
[Date "2024.01.24"]
[Round "6.211"]
[White "Kortmann, Pedro Reck"]
[Black "Pavao, Tiago Lara Biasi"]
[Result "1-0"]
[WhiteElo "1159"]
[BlackElo "1613"]
[PlyCount "63"]
[EventDate "2024.01.20"]
[EventRounds "10"]
[EventCountry "BRA"]

1. e4 c5 2. Nc3 g6 3. f4 Bg7 4. Nf3 Nf6 5. Bc4 O-O 6. d3 Nc6 7. O-O b6 8. Qe1
Na5 9. Qh4 Nxc4 10. dxc4 Bb7 $146 ({RR} 10... d6 11. h3 Ba6 12. e5 Nd7 13. Rd1
Bxc4 14. f5 Ba6 15. fxg6 hxg6 16. Ng5 Re8 17. e6 f6 18. Qh7+ Kf8 19. Nf7 Qc7
20. Bh6 {1-0 (20) Advait,B (1772)-Marzo Pie,X (1996) Barcelona 2017}) 11. e5
Nh5 12. g4 Bxf3 13. Rxf3 e6 14. Qxd8 Rfxd8 15. gxh5 gxh5 16. Rg3 f5 17. exf6
Kf7 18. fxg7 Rg8 19. Ne4 Rxg7 20. Rxg7+ Kxg7 21. Be3 Kh8 22. Rd1 Rg8+ 23. Kf2
Rd8 24. Nf6 d6 25. a3 h4 26. b4 a5 27. bxc5 bxc5 28. Bxc5 Rc8 29. Bxd6 Rxc4 30.
Be5 Rc8 31. Rg1 h6 32. Nh5+ 1-0

[Event "Floripa Chess Open 2024"]
[Site "Florianopolis"]
[Date "2024.01.24"]
[Round "6.213"]
[White "Orsini, Sarah De Oliveira"]
[Black "Motta, Agahta Dos Santos"]
[Result "0-1"]
[WhiteElo "1685"]
[BlackElo "1124"]
[PlyCount "52"]
[EventDate "2024.01.20"]
[EventRounds "10"]
[EventCountry "BRA"]

1. d4 Nf6 2. c4 g6 3. Nc3 Bg7 4. e4 d6 5. f3 O-O 6. Bd3 e5 7. d5 Nh5 8. Be3 f5
9. Qd2 fxe4 ({RR} 9... c5 10. dxc6 Nxc6 11. O-O-O Be6 12. Kb1 Nf6 13. Nge2 Qd7
14. Nd5 fxe4 15. Bxe4 Nxe4 16. fxe4 Rf7 17. h3 Raf8 18. b3 Qd8 19. Ndc3 Rd7 20.
Rhf1 a6 21. Rxf8+ Qxf8 22. Qe1 Bh6 23. Bb6 Bg5 24. Nd5 {Kahrovic,M (2301)
-Heberla,B (2562) Schwaebisch Gmuend 2015 1/2-1/2 (42)}) ({RR} 9... a5 10. Nge2
f4 11. Bf2 g5 12. O-O-O g4 13. Kb1 Na6 14. Bc2 b6 15. Ba4 Bf6 16. Bc6 Rb8 17.
fxg4 Bxg4 18. h3 Bc8 19. Nc1 Bh4 20. Nd3 Qg5 21. Bxh4 Qxh4 22. Qf2 Qxf2 23.
Nxf2 Ng3 24. Rhe1 {Sun,T (1481)-Enkh-Amgalan,E (1823) Changsha CHN 2019 0-1  
(46)}) 10. Nxe4 Nf6 $146 ({RR} 10... Nf4 11. Bc2 c5 12. dxc6 Nxc6 13. g3 Ne6
14. Qxd6 Ned4 15. Bd1 Be6 16. b3 Qxd6 17. Nxd6 Nb4 18. Kf2 e4 19. Nxe4 Nd3+ 20.
Kf1 Nxf3 21. Bxf3 Bxa1 22. Ke2 Rad8 23. Ng5 Bf5 24. g4 Bc8 25. Bd5+ {
Kirpichnikov,V (2380)-Kober,M (2116) Togliatti 2007 1/2-1/2 (41)}) ({RR} 10...
Nf4 11. Bc2 Bf5 12. O-O-O Nd7 13. g3 Bxe4 14. Bxe4 Nh5 15. Nh3 Bf6 16. g4 Nf4
17. Nxf4 exf4 18. Bf2 Bh4 19. Bd4 Bf6 20. Bf2 Bh4 21. Bd4 Bf6 {1/2-1/2 (21)
Kessler,S (2070)-Vernois,A (1870) Avoine 2001}) ({RR} 10... Nf4 11. Ne2 Nxg2+
12. Kf2 Nxe3 13. Qxe3 Nd7 14. Rag1 Qh4+ 15. N2g3 Nf6 16. Nxf6+ Rxf6 17. Ke2 Bh6
18. Qf2 Bg4 19. Be4 Raf8 20. Qxa7 Bxf3+ 21. Bxf3 Qxc4+ {0-1 (21) Foertsch,
M-Breitfeld,M Fredeburg 1994}) 11. Nxf6+ Qxf6 12. Bg5 Qf7 13. O-O-O a5 14. Re1
Nd7 15. Bh6 Nc5 16. Bxg7 Nxd3+ 17. Qxd3 Kxg7 18. Ne2 Bd7 19. Ng3 b5 20. cxb5 a4
21. Ne4 Rfb8 22. Ng5 Qf4+ 23. Qe3 Qc4+ 24. Qc3 Qxa2 25. Qxc7 Rc8 26. Ne6+ Kg8
0-1

[Event "Floripa Chess Open 2024"]
[Site "Florianopolis"]
[Date "2024.01.24"]
[Round "6.216"]
[White "Leith Acosta, Marcelo Alejandro"]
[Black "Goncalves, Maria Talissa Neves"]
[Result "1-0"]
[WhiteElo "1110"]
[BlackElo "1224"]
[PlyCount "100"]
[EventDate "2024.01.20"]
[EventRounds "10"]
[EventCountry "BRA"]

1. d4 d5 2. Nf3 e6 3. e3 Nf6 4. c3 b6 5. Bd3 ({RR} 5. Nbd2 Bb7 6. Ne5 Bd6 7. f4
O-O 8. Be2 Nfd7 9. Bd3 f5 10. Ndf3 Nf6 11. Ng5 Qe7 12. O-O Bxe5 13. fxe5 Ne4
14. Nxe4 dxe4 15. Be2 Nd7 16. b4 Rf7 17. a4 Rd8 18. Qe1 Nf8 19. a5 Qg5 {
Becking,S (2402)-Dolezal,R (2445) Germany 2009 1-0 (47)}) 5... h6 $146 ({RR} 
5... Bb7 6. Nbd2 Nbd7 7. O-O Bd6 8. Re1 Ne4 9. Bc2 f5 10. c4 O-O 11. cxd5 exd5
12. a3 g5 13. Nf1 g4 14. N3d2 Qh4 15. Nxe4 fxe4 16. Ng3 Rf6 17. Qe2 Raf8 18.
Bd1 Rg6 19. Bd2 Rg5 20. Rc1 {Gahagnon,J (1720)-Baron,D (2134) Elancourt 2005
0-1}) ({RR} 5... Bb7 6. Nbd2 Nbd7 7. Qe2 Ne4 8. Ne5 Nxe5 9. dxe5 Qg5 10. Nf3
Qxg2 11. Rg1 Qh3 12. Bd2 Nc5 13. Rg3 Nxd3+ 14. Qxd3 Qf5 15. Qxf5 exf5 16. O-O-O
g6 17. Nd4 a6 18. f4 c5 19. Nf3 Be7 20. Be1 {Martin Trujillo,V (1913)-Marrujo
Pardo,M (2270) Temuco CHI 2023 0-1 (38)}) ({RR} 5... Nbd7 6. O-O Bb7 7. Nbd2
Bd6 8. Re1 Ne4 9. c4 O-O 10. a3 f5 11. b4 c5 12. Qb3 Rb8 13. Bf1 Ndf6 14. h3 g5
15. Nxe4 Nxe4 16. cxd5 exd5 17. dxc5 bxc5 18. Bb2 c4 19. Qd1 Qc7 20. Qd4 {
Makka,E (2107)-Pavlis,A (1794) Petroupoli 2007 0-1}) ({RR} 5... Be7 6. Nbd2 Bb7
7. O-O Nbd7 8. Qe2 c5 9. e4 dxe4 10. Nxe4 Nxe4 11. Bxe4 Bxe4 12. Qxe4 Nf6 13.
Qc6+ Nd7 14. Ne5 Rc8 15. Qa4 Qc7 16. Rd1 Bd6 17. Nxd7 Qxd7 18. Qxd7+ Kxd7 19.
dxc5 Rxc5 20. Bf4 {Brzuska,C (1677)-Kopietz,S (1422) Neumuenster 2002 1/2-1/2 
(42)}) 6. Nbd2 Bd6 7. O-O O-O 8. b3 Re8 9. Ne5 Bb7 10. f4 c5 11. Bb2 Nbd7 12.
Kh1 Ne4 13. Bxe4 dxe4 14. Ndc4 Nf6 15. a4 Rb8 16. Ba3 Bxe5 17. fxe5 Nd7 18. Nd6
Rf8 19. Qh5 f6 20. Qg4 f5 21. Qg6 Qe7 22. Qg3 Qg5 23. Qxg5 hxg5 24. g3 g6 25.
h4 gxh4 26. gxh4 Kg7 27. Nb5 Rh8 28. Nxa7 Rxh4+ 29. Kg2 Rbh8 30. Rh1 Rg4+ 31.
Kf2 Rxh1 32. Rxh1 f4 33. exf4 Rxf4+ 34. Ke2 g5 35. Rf1 Rxf1 36. Kxf1 Kg6 37.
Nb5 g4 38. Nc7 Kf5 39. Nb5 Kf4 40. Nc7 Nf8 41. dxc5 bxc5 42. Bxc5 Ng6 43. Nxe6+
Kf3 44. Nd4+ Kf4 45. e6 g3 46. e7 Nxe7 47. Bxe7 Kg4 48. b4 Kh3 49. Kg1 e3 50.
b5 Kg4 1-0

[Event "Floripa Chess Open 2024"]
[Site "Florianopolis"]
[Date "2024.01.24"]
[Round "6.217"]
[White "Mamede, Miguel Rodrigues"]
[Black "Da Silva Junior, Jose Cacio"]
[Result "1-0"]
[WhiteElo "1800"]
[BlackElo "1139"]
[PlyCount "67"]
[EventDate "2024.01.20"]
[EventRounds "10"]
[EventCountry "BRA"]

1. e4 d5 2. exd5 Qxd5 3. Nc3 Qa5 4. Nf3 Nf6 5. d4 c6 6. Bf4 Bf5 7. Bd3 Bxd3 8.
Qxd3 e6 9. O-O Be7 10. Ne4 Nbd7 $146 ({RR} 10... Nxe4 11. Qxe4 Nd7 12. Rfe1 Nf6
13. Qe2 O-O 14. c3 Rfe8 15. b4 Qd8 16. Be5 Nd5 17. Qc2 a5 18. a3 axb4 19. axb4
Qd7 20. Bg3 b5 21. Ne5 Qb7 22. Qb2 Nb6 23. Rxa8 Rxa8 24. Ra1 Bd6 25. Nd3 {
Saroun,R (1875)-Chapman,N (1789) Brno 2013 1/2-1/2 (32)}) 11. Bd2 Qc7 12. Nxf6+
Nxf6 13. Ne5 O-O 14. Qg3 Ne4 15. Qe3 Nxd2 16. Qxd2 Rad8 17. Nf3 h6 18. a4 a5
19. Qe3 Rd7 20. Rfd1 Rfd8 21. c3 Rd5 22. c4 Rh5 23. c5 Bg5 24. Qe5 Qxe5 25.
dxe5 Rd5 26. g4 Rh3 27. Kg2 Rxf3 28. Kxf3 Rxe5 29. Rd7 Rxc5 30. Rxb7 Kf8 31. b4
Rc3+ 32. Kg2 axb4 33. Rxb4 Be7 34. Rb8+ 1-0

[Event "Floripa Chess Open 2024"]
[Site "Florianopolis"]
[Date "2024.01.24"]
[Round "6.218"]
[White "Leite, Gina Dourado Rocha"]
[Black "Soares, Vinicius Tuma"]
[Result "1-0"]
[WhiteElo "1418"]
[BlackElo "1708"]
[PlyCount "41"]
[EventDate "2024.01.20"]
[EventRounds "10"]
[EventCountry "BRA"]

1. e4 e5 2. Nf3 Nc6 3. Bb5 f6 4. c3 ({RR} 4. d4 a6 5. Ba4 b5 6. Bb3 Bb4+ 7. c3
Ba5 8. dxe5 fxe5 9. Nxe5 Nxe5 10. Bxg8 Rxg8 11. Qd5 Bb7 12. Qxg8+ Ke7 13. Bg5+
Kd6 14. Bxd8 Ra7 15. b4 Bb6 16. Qxg7 Bxe4 17. O-O Ra8 18. Rd1+ Nd3 {Sanchez
Repullo,D (2254)-Armesto Rodriguez,J Trevias 2001 1-0}) 4... Nge7 ({RR} 4...
Na5 5. O-O a6 6. Ba4 b5 7. Bc2 Bb7 8. d3 Bc5 9. Be3 Bxe3 10. fxe3 Ne7 11. d4 d6
12. Nbd2 O-O 13. b4 Nac6 14. Bb3+ Kh8 15. Be6 g5 16. d5 Nb8 17. Kh1 c5 18. a3
f5 19. Nxg5 {Aoyama,R-Ravinza,K Tornelo INT 2021 1-0}) 5. d4 d5 $146 ({RR} 5...
a6 6. Bc4 Ng6 7. Qb3 Na5 8. Bf7+ Ke7 9. Qa3+ Kxf7 10. Qxa5 Be7 11. dxe5 Re8 12.
O-O Kg8 13. exf6 Bxf6 14. Bg5 b6 15. Qd5+ Kh8 16. Bxf6 Qxf6 17. Qxa8 Ne7 18.
Nbd2 Qd6 19. e5 Qc6 20. Qxc6 {Comte,F-Savri,J France 1996 1-0}) 6. dxe5 fxe5 7.
Bg5 Bg4 8. O-O h6 9. Bxe7 Bxe7 10. exd5 Bxf3 11. Qxf3 Qd7 12. dxc6 bxc6 13.
Bxc6 Qxc6 14. Qxc6+ Kf7 15. Qxc7 Rhc8 16. Qxe5 Rc5 17. Qf4+ Kg6 18. Qe4+ Kf7
19. Qxa8 Rh5 20. Qxa7 Kf6 21. Qxe7+ 1-0

[Event "Floripa Chess Open 2024"]
[Site "Florianopolis"]
[Date "2024.01.24"]
[Round "6.219"]
[White "Sikorski, Valentim Enrico"]
[Black "Fraga, Sofia Carneiro"]
[Result "0-1"]
[WhiteElo "1636"]
[BlackElo "1174"]
[PlyCount "36"]
[EventDate "2024.01.20"]
[EventRounds "10"]
[EventCountry "BRA"]

1. e4 {Tsesarsky,I} e5 2. Nf3 Nf6 3. Nc3 d6 4. Bb5+ Nc6 5. O-O Be7 6. Nd5 ({RR
} 6. d4 Nd7 7. Ne2 O-O 8. Ng3 Bf6 9. c3 Ne7 ({RR} 9... Ndb8 10. Be3 a6 11. Bc4
Nd7 12. h3 Qe8 ({RR} 12... Ne7 13. Qd2 Ng6 14. Kh2 Qe8 15. Ng1 Nb6 16. Bd3 Be6
17. d5 Bd7 18. c4) 13. Qd2 Ne7 14. Rfe1 Ng6 15. Nh5) 10. Be3 ({RR} 10. Bd3 Re8
11. Nh5) 10... Ng6 11. Qd2 a6 12. Be2 Be7 13. Rad1 Nf6 14. h3) ({RR} 6. h3 a6
7. Bxc6+ bxc6 8. d4 exd4 9. Nxd4 c5 10. Nf5 Bxf5 11. exf5 d5 12. Qf3 h6 13. Bf4
O-O 14. Rad1 d4 15. Ne4 Nxe4 16. Qxe4 Bf6 17. b3 Re8 18. Qc6 Be5 19. Bxe5 Rxe5
20. f6 gxf6 {Ermel Junior,H (1579)-Garcia Cruz,L Caioba BRA 2023 1/2-1/2 (59)})
6... O-O ({RR} 6... Nxe4 7. Re1 f5 ({RR} 7... Ng5 8. d4 ({RR} 8. Nxe7 Qxe7 9.
Nxg5 Qxg5 10. d4 Qe7 11. dxe5 ({RR} 11. d5 a6 12. Ba4 b5) 11... O-O 12. exd6
Qxd6 13. Qxd6 cxd6 14. Bf4) 8... Nxf3+ 9. Qxf3 Bd7) ({RR} 7... Nf6 8. Nxe7 Qxe7
9. d4 Bd7 10. Bxc6 Bxc6 11. dxe5 Bxf3 12. exf6 Bxd1 13. Rxe7+ Kd8 ({RR} 13...
Kf8 14. Rxc7 Bg4 15. Bf4) 14. Bg5 Bxc2 15. fxg7) 8. d3 Nf6 9. Nxe7 Qxe7 10. d4)
7. Nxe7+ Qxe7 ({RR} 7... Nxe7 8. d4 ({RR} 8. d3 c6 9. Ba4 Ng6) 8... Nxe4 9.
dxe5 ({RR} 9. Re1 f5 ({RR} 9... Bf5 10. Bd3 d5 11. Nxe5 f6 12. Nf3 Re8 13. Nh4)
10. dxe5 d5 11. Bd3) 9... d5 10. Ng5 Bf5 ({RR} 10... Nxg5 11. Bxg5 h6 12. Be3 (
{RR} 12. Bxe7 Qxe7) ({RR} 12. Bh4 c6 13. Bd3 Re8 14. c4 dxc4 15. Bxc4 Qxd1 16.
Raxd1 Nf5) 12... c6 13. Bd3 Bf5 ({RR} 13... Nf5)) 11. Nxe4 Bxe4 12. Bg5 h6 13.
Bh4 c6 14. Bd3 Qc7 ({RR} 14... Bxd3 15. cxd3 ({RR} 15. Qxd3 Qd7) 15... Qd7 16.
f4 Ng6 17. Bg3 Rfe8 18. Qh5 d4) 15. f4 Rae8 16. Qg4 Ng6 17. Bf2 ({RR} 17. Bxe4
dxe4 ({RR} 17... Nxh4 18. Bd3 Qb6+ 19. Kh1 Ng6 20. Bxg6 fxg6 21. Qxg6) 18. Bf2)
17... Kh7 ({RR} 17... Bxd3 18. cxd3 Qa5) 18. Bxe4 dxe4 19. Bc5 f5 20. exf6 Rxf6
21. f5 Nf8 ({RR} 21... Ne5 22. Qxe4) 22. Bd4 {Grabarczyk,B (2460)-Maciejewski,
M (2355) Sopot 1997 CBM 059 [Tsesarsky,I] 1-0 (43)}) 8. Qe2 $146 ({RR} 8. Re1
Bg4 9. c3 a6 10. Bxc6 bxc6 11. h3 Bh5 12. g4 Nxg4 13. hxg4 Bxg4 14. d4 Qf6 15.
Re3 Qg6 16. Kf1 Qh5 17. Qd3 d5 18. Ng1 dxe4 19. Qxe4 exd4 20. Rg3 f5 21. Qxd4
Rae8 22. Be3 Re4 {Gombos,A (2092)-Simai,L (2071) Hungary 2006 1/2-1/2 (40)}) ({
RR} 8. d3 Bg4 9. Bxc6 bxc6 10. Bg5 d5 11. Qe2 h6 12. Bxf6 Qxf6 13. Qe3 Bxf3 14.
Qxf3 Qxf3 15. gxf3 d4 16. c3 c5 17. cxd4 cxd4 18. Rfc1 Rac8 19. b4 Rfd8 20.
Rab1 Rd6 21. a4 Rb6 22. a5 Rb5 {Versekenaite,G-Ceponyte,B Druskininkai 2014
1-0 (77)}) 8... Bg4 9. h3 Nd4 10. Qd1 Bxf3 11. gxf3 Nxb5 12. c4 Nd4 13. b3 Qd7
14. Bb2 Qxh3 15. Bxd4 exd4 16. c5 Nh5 17. d3 Nf4 18. Qc1 Qg2# 0-1

[Event "Floripa Chess Open 2024"]
[Site "Florianopolis"]
[Date "2024.01.24"]
[Round "6.220"]
[White "De Oliveira, Rosa Emilia Trizott"]
[Black "Nogueira, Manuela Mahara Buch"]
[Result "0-1"]
[WhiteElo "1800"]
[BlackElo "1666"]
[PlyCount "29"]
[EventDate "2024.01.20"]
[EventRounds "10"]
[EventCountry "BRA"]

1. e4 e5 2. d3 Nf6 3. Nf3 Nc6 4. c4 Bc5 5. h4 $146 ({RR} 5. Be3 d6 6. Qd2 O-O
7. Nc3 Bxe3 8. fxe3 Ne7 9. d4 Ng6 10. O-O-O Qe7 11. Bd3 c6 12. h3 a6 13. d5
cxd5 14. Nxd5 Nxd5 15. cxd5 Nh4 16. Rhf1 Nxf3 17. gxf3 Bxh3 18. Rh1 Bd7 19. Qh2
h6 {Molnar,F-Boutteville,C Paris 1963 1/2-1/2 (42)}) ({RR} 5. h3 h6 6. Nc3 d6
7. a3 a5 8. b3 Nd4 9. Ne2 Nxf3+ 10. gxf3 Nh5 11. d4 Bb6 12. c5 dxc5 13. dxe5
Qxd1+ 14. Kxd1 c4 15. bxc4 Bxf2 16. Rh2 Bc5 17. Kc2 Be6 18. Nc3 Bd4 19. f4 g5 {
Vajda,L (2536)-Leviczki,T (2410) Harkany 2009 1/2-1/2 (41)}) ({RR} 5. Be2 d6 6.
a3 Bg4 7. Nc3 h6 8. Rb1 Bxf3 9. Bxf3 a5 10. g3 Nd4 11. Bg2 Qd7 12. h3 c6 13. b4
axb4 14. axb4 Bb6 15. O-O O-O 16. Kh1 Nh7 17. f4 exf4 18. gxf4 f5 19. Be3 Qd8 {
Rathnakaran,K (2322)-Anadkat,K (2023) Mumbai IND 2020 1-0 (43)}) ({RR} 5. h3 d6
6. a3 h6 7. Be2 Be6 8. Be3 Bxe3 9. fxe3 O-O 10. O-O Qd7 11. Nh2 Rad8 12. Ng4
Bxg4 13. Bxg4 Nxg4 14. Qxg4 Qxg4 15. hxg4 Rde8 16. Nc3 a6 17. Nd5 Na5 18. b4
Nb3 19. Ra2 a5 {Rosa Flores,C-Fernandez Fernandez,A (2541) Oviedo 2007 1-0 (31)
}) ({RR} 5. h3 d6 6. Nc3 h6 7. a3 a5 8. Bd2 O-O 9. Rb1 Ne8 10. Qe2 f5 11. Be3
Nd4 12. Bxd4 Bxd4 13. Nxd4 exd4 14. Nd1 fxe4 15. dxe4 Nf6 16. f3 c5 17. Nf2 Nh5
18. Rg1 Ng3 19. Qd2 Qe8 {Cale,F (1568)-Song,M (1849) Toronto 2010 0-1 (44)})
5... d6 6. g3 O-O 7. Bg2 Be6 8. O-O Ne7 9. Nc3 c6 10. Qc2 d5 11. b3 a6 12. Rd1
Qc8 13. Kf1 Bh3 14. Bxh3 Qxh3+ 15. Ke2 0-1

[Event "Floripa Chess Open 2024"]
[Site "Florianopolis"]
[Date "2024.01.25"]
[Round "7.11"]
[White "De Borba, Gabriel"]
[Black "Vazquez, Facundo"]
[Result "1/2-1/2"]
[WhiteElo "2171"]
[BlackElo "2381"]
[PlyCount "75"]
[EventDate "2024.01.20"]
[EventRounds "10"]
[EventCountry "BRA"]

1. e4 c5 2. Nc3 d6 3. Bb5+ Bd7 4. Bxd7+ Qxd7 5. d4 cxd4 6. Qxd4 Nc6 7. Qd3 Nf6
8. Nf3 g6 9. O-O Bg7 10. Nd5 O-O 11. c3 Rfe8 ({RR} 11... Ng4 12. Bf4 e6 13. Ne3
Nce5 14. Nxe5 Nxe5 15. Bxe5 Bxe5 16. Rad1 Rad8 17. f4 Bg7 18. f5 Qe7 19. Ng4
Qg5 20. Qg3 h5 21. Nf2 Qxg3 22. hxg3 d5 23. g4 exf5 24. exf5 d4 25. c4 hxg4 26.
Nxg4 {Harikrishna,P (2716)-Navara,D (2681) Bydgoszcz POL 2022 1-0 (45)}) ({RR} 
11... Nh5 12. Rd1 e6 13. Nf4 Nf6 14. e5 Ne8 15. exd6 Rd8 16. Be3 e5 17. Ne2 b6
18. Ng3 Qb7 19. Ne4 f5 20. d7 Kh8 21. dxe8=Q Rxd3 22. Qe6 Nd8 23. Nd6 Qc6 24.
Nxe5 Rxd1+ 25. Rxd1 Qa4 26. Nef7+ {Deng,H (2281)-Bansal,A (2253) Sunnyvale USA
2024 1-0}) 12. h3 Rac8 $146 ({RR} 12... Rad8 13. Bg5 Nxd5 14. exd5 Ne5 15. Nxe5
dxe5 16. Rfd1 h6 17. Be3 e6 18. c4 exd5 19. cxd5 Qa4 20. Qd2 Rd7 21. Bxh6 Bxh6
22. Qxh6 Qb5 23. h4 Rxd5 24. h5 Re6 25. Rac1 Rxd1+ 26. Rxd1 gxh5 27. Qg5+ {
Iermito,S (2529)-Stankovic,M (2435) San Cristobal de La Laguna ES 2022 1-0 (90)
}) 13. Bf4 Nxd5 14. Qxd5 Qc7 15. Rfd1 Qb6 16. Rab1 Qa5 17. Be3 a6 18. Rbc1 b5
19. Bd4 Nxd4 20. Nxd4 Rc4 21. a3 Qc7 22. Nc2 Bh6 23. Ra1 Rc5 24. Qd3 a5 25. Ne3
Bxe3 26. Qxe3 Rb8 27. Rd5 Rc4 28. e5 dxe5 29. Rad1 e4 30. Rd7 Qe5 31. Qa7 e3
32. Qxb8+ Qxb8 33. Rd8+ Qxd8 34. Rxd8+ Kg7 35. fxe3 b4 36. axb4 axb4 37. Rd4
Rxd4 38. exd4 1/2-1/2

[Event "Floripa Chess Open 2024"]
[Site "Florianopolis"]
[Date "2024.01.25"]
[Round "7.12"]
[White "Ribeiro, Matheus Mendes Domi"]
[Black "Hoffman, Alejandro"]
[Result "1/2-1/2"]
[WhiteElo "2130"]
[BlackElo "2358"]
[PlyCount "45"]
[EventDate "2024.01.20"]
[EventRounds "10"]
[EventCountry "BRA"]

1. c4 e6 2. Nf3 d5 3. e3 Nf6 4. Nc3 a6 5. b3 c5 6. Bb2 Nc6 7. cxd5 exd5 8. d4
Bd6 9. Be2 O-O 10. dxc5 Bxc5 11. O-O Ba7 12. Rc1 Re8 13. Qd2 Ne4 14. Nxe4 dxe4
15. Qc3 Qf6 16. Qxf6 gxf6 17. Nd2 Bf5 $146 ({RR} 17... f5 18. Nc4 Be6 19. Rfd1
Red8 20. Bf6 Rxd1+ 21. Rxd1 Bc5 22. g3 Kf8 23. Ne5 Nxe5 24. Bxe5 Ke7 25. Rc1
Bd6 26. Bxd6+ Kxd6 27. Kf1 a5 28. Bc4 Rc8 29. Rd1+ Ke7 30. Bxe6 fxe6 31. Rd2 {
1/2-1/2 (31) Bukic,E-Trifunovic,P Sarajevo 1964}) 18. Nc4 Rad8 19. Rfd1 Rxd1+
20. Rxd1 Bc5 21. Nd6 Bxd6 22. Rxd6 Be6 23. h3 1/2-1/2

[Event "Floripa Chess Open 2024"]
[Site "Florianopolis"]
[Date "2024.01.25"]
[Round "7.13"]
[White "Ticona Rocabado, Licael Roderick"]
[Black "Takano, Nicholas Ryo"]
[Result "1-0"]
[WhiteElo "2350"]
[BlackElo "2172"]
[PlyCount "73"]
[EventDate "2024.01.20"]
[EventRounds "10"]
[EventCountry "BRA"]

1. d4 Nf6 2. c4 g6 3. Nc3 Bg7 4. e4 d6 5. Nf3 O-O 6. Be2 Nbd7 7. O-O e5 8. Be3
c6 9. d5 c5 10. a3 Ne8 ({RR} 10... Ng4 11. Bg5 f6 12. Bd2 Qe7 13. b4 f5 14. Ng5
Ndf6 15. f3 Nh6 16. Rb1 f4 17. bxc5 dxc5 18. Ne6 Rf7 19. Ng5 Rf8 20. Qa4 Rd8
21. Rfd1 Bf8 22. Ne6 Bd7 23. Qc2 Bxe6 24. dxe6 Rab8 25. Qa4 {Nisipeanu,L (2679)
-McShane,L (2625) Gothenburg 2005 1/2-1/2 (35)}) ({RR} 10... Nh5 11. Nd2 Nf4
12. b4 b6 13. Qa4 Nb8 14. Rab1 f5 15. Bf3 Qe7 16. Qc2 a6 17. a4 Nxg2 18. Bxg2
f4 19. Nf3 fxe3 20. fxe3 Bg4 21. Nd2 Nd7 22. bxc5 bxc5 23. Rxf8+ Rxf8 24. Rf1
Qg5 25. Rxf8+ {Ray,H (1586)-Algabri,A Chennai IND 2022 1/2-1/2 (31)}) 11. b4 f5
$146 ({RR} 11... b6 12. Bg5 Bf6 13. Bd2 Be7 14. Bh6 Ng7 15. Qd2 Nf6 16. bxc5
bxc5 17. Ne1 Ng4 18. Bxg4 Bxg4 19. f4 exf4 20. Qxf4 Bd7 21. Nf3 Qa5 22. Ne2 f6
23. Qc1 Rfe8 24. Ng3 Rab8 25. Nd2 Rb6 26. Ra2 {Ehlvest,J (2610)-Rogers,N (2290)
New York 1994 1-0 (63)}) ({RR} 11... b6 12. Qc1 f5 13. Ng5 Nc7 14. Nb5 Nf6 15.
Nxc7 Qxc7 16. exf5 gxf5 17. f4 e4 18. Ra2 h6 19. Nh3 Bd7 20. Nf2 Kh7 21. Kh1
cxb4 22. axb4 b5 23. Rc2 Qb7 24. Qd2 bxc4 25. Bxc4 Bb5 26. Bxb5 {Obolentseva,A
(2353)-Grebnev,A (2040) Moscow RUS 2018 1/2-1/2 (55)}) 12. Ng5 Nc7 13. bxc5 f4
14. Ne6 Nxe6 15. dxe6 Nf6 16. cxd6 Bxe6 17. Bc1 Rc8 18. a4 Qd7 19. Ba3 b6 20.
f3 Bxc4 21. Rc1 Bxe2 22. Qxe2 Rfd8 23. Qa6 Bf8 24. Nb5 Rxc1 25. Rxc1 Ne8 26.
Rd1 Qc6 27. Qxa7 Ra8 28. d7 Rxa7 29. Nxa7 Qxa4 30. d8=Q Bxa3 31. h4 Bc5+ 32.
Kh2 Bd4 33. Rc1 Qxa7 34. Qxe8+ Kg7 35. Rc8 Qf7 36. Qd8 Kh6 37. Rc7 1-0

[Event "Floripa Chess Open 2024"]
[Site "Florianopolis"]
[Date "2024.01.25"]
[Round "7.14"]
[White "Umetsubo, Cesar Hidemitsu"]
[Black "Silva, Kaua Marques"]
[Result "0-1"]
[WhiteElo "2349"]
[BlackElo "2142"]
[PlyCount "94"]
[EventDate "2024.01.20"]
[EventRounds "10"]
[EventCountry "BRA"]

1. d4 Nf6 2. c4 e6 3. Nf3 d5 4. Bg5 dxc4 5. e4 c5 6. Nc3 ({RR} 6. Bxc4 cxd4 7.
O-O Be7 8. e5 Nd5 9. Bxe7 Nxe7 10. Nbd2 O-O 11. Re1 b6 12. Ne4 Ba6 13. Bxa6
Nxa6 14. Nd6 Qd7 15. Qxd4 Rad8 16. Rad1 Nc7 17. Qe4 h6 18. Nd4 Ncd5 19. f4 Nc8
20. Nxc8 Qxc8 {Carlsen,M (2863)-Nakamura,H (2736) chess24.com INT 2020 1/2-1/2
(75)}) 6... cxd4 7. Nxd4 ({RR} 7. Qxd4 Qxd4 8. Nxd4 a6 9. Bxc4 b5 10. Be2 Bb7
11. f3 Nbd7 12. Nb3 Rc8 13. Kf2 h6 14. Be3 g5 15. Na5 Ba8 16. a4 Bb4 17. axb5
Bxc3 18. bxc3 axb5 19. Rhc1 Ke7 20. Bxb5 Rc7 21. c4 Rhc8 {Andreikin,D (2729)
-Lobanov,S (2520) chess.com INT 2023 1-0 (35)}) 7... Bc5 8. Qa4+ $146 ({RR} 8.
Be3 e5 9. Ndb5 Bxe3 10. fxe3 Be6 11. Bxc4 Qxd1+ 12. Rxd1 Bxc4 13. Nd6+ Ke7 14.
Nxc4 Nbd7 15. Nd6 Rhd8 16. b4 Nb6 17. Nxb7 Rxd1+ 18. Kxd1 Nc4 19. Ke2 Rb8 20.
Na5 Nxa5 21. bxa5 Kd6 22. Rd1+ Kc6 {Shevchenko,K (2549)-Parligras,M (2645)
Sovata ROU 2018 1/2-1/2 (40)}) ({RR} 8. Ndb5 Qb6 9. Qf3 a6 10. e5 Nd5 11. Bxc4
axb5 12. Bxd5 h6 13. Bd2 exd5 14. Nxd5 Qc6 15. O-O Be6 16. Qg3 Bxd5 17. Qxg7
Qg6 18. Qxh8+ Kd7 19. Bg5 Qxg5 20. g3 Qg4 21. Rad1 Bxf2+ {0-1 (21) Hernando
Rodrigo,J (2291)-Tejedor Fuente,E (2407) Linares ESP 2021}) 8... Qd7 9. Ndb5
O-O 10. Qxc4 Qc6 11. Bxf6 gxf6 12. O-O-O a6 13. Nd4 Qc7 14. Nb3 Qf4+ 15. Kb1
Bxf2 16. Nc1 Bb6 17. Qb4 Qc7 18. e5 f5 19. Rd3 Nd7 20. Qh4 Nxe5 21. Rg3+ Ng6
22. Nd3 Qd8 23. Qh6 Qf6 24. h4 Bc7 25. Rhh3 f4 26. Rg5 Qg7 27. Qh5 e5 28. Nd5
Bd8 29. Nc5 Bxg5 30. hxg5 Bxh3 31. gxh3 Rfd8 32. Nf6+ Kh8 33. Nce4 Rd4 34. Qg4
Rad8 35. Be2 Ne7 36. a3 Nd5 37. Ka2 Nxf6 38. Nxf6 Qg6 39. Qg2 e4 40. Bh5 Qf5
41. Bxf7 Rd2 42. Qg1 Qe5 43. Qb6 e3 44. Bc4 f3 45. Qxb7 Qxb2+ 46. Qxb2 Rxb2+
47. Kxb2 e2 0-1

[Event "Floripa Chess Open 2024"]
[Site "Florianopolis"]
[Date "2024.01.25"]
[Round "7.15"]
[White "Matsuura, Everaldo"]
[Black "Volkmann, Andre Jordi"]
[Result "1/2-1/2"]
[WhiteElo "2410"]
[BlackElo "2083"]
[PlyCount "66"]
[EventDate "2024.01.20"]
[EventRounds "10"]
[EventCountry "BRA"]

1. e4 c6 2. d4 d5 3. exd5 cxd5 4. c4 Nf6 5. Nc3 Nc6 6. Bg5 Be6 7. a3 g6 8. Bxf6
({RR} 8. Be2 Bg7 9. cxd5 Nxd5 10. Nf3 O-O 11. O-O Nxc3 12. bxc3 Rc8 13. Re1 Na5
14. Qa4 Nb3 15. Rad1 Rxc3 16. Qb4 Rc7 17. Bf1 Qd5 18. Bxe7 Rfc8 19. a4 a5 20.
Qd6 Rd7 21. Qxd5 Rxd5 22. Rb1 Nxd4) 8... exf6 9. cxd5 Bxd5 10. Qe2+ Ne7 ({RR} 
10... Be7 11. Qb5 Be6 12. d5 a6 13. Qa4 b5 14. Qd1) 11. Nxd5 Qxd5 12. Qb5+ Qd7
13. Qxd7+ Kxd7 14. Bc4 Nf5 15. Bb5+ Kc7 16. Ne2 ({RR} 16. Rc1+ Kb6) 16... Bh6
$146 ({RR} 16... Kb6 17. Ba4 Bh6 18. Rd1 ({RR} 18. O-O) 18... Rhd8 19. h4 Ka5
20. Bb3 Rd7 21. h5 Re8 22. Kf1 Rde7 23. Bc4 b5 24. Bd3 Bf8 ({RR} 24... Bg5 25.
hxg6 ({RR} 25. f4 Ne3+) 25... hxg6) 25. hxg6 hxg6 ({RR} 25... fxg6) 26. Nc3
Nxd4 27. b4+ Ka6 28. Rh4 Nf5 29. Bxb5+ Kb7 30. Rc4 Nd6 31. Bc6+ {Iordachescu,V
(2626)-Bellaiche,A (2472) Aix les Bains 2011 1-0 (35)}) 17. O-O Rhd8 18. Rad1
Rd6 19. g4 Ne7 20. Nc3 Rad8 21. Rfe1 Nd5 22. Ne4 Rb6 23. Bc4 f5 24. gxf5 gxf5
25. Ng3 Rxb2 26. Nxf5 Bf4 27. Ne7 Nxe7 28. Rxe7+ Rd7 29. Rxf7 Rxf7 30. Bxf7
Bxh2+ 31. Kg2 Bf4 32. Rd3 Rd2 33. Rxd2 Bxd2 1/2-1/2